UBT Library

Basic electronics for engineers and scientists (Record no. 43923)

000 -LEADER
fixed length control field 00574cam a2200217 4500
001 - CONTROL NUMBER
control field 1779403
005 - DATE AND TIME OF LATEST TRANSACTION
control field 20180302033644.0
008 - FIXED-LENGTH DATA ELEMENTS--GENERAL INFORMATION
fixed length control field 720315s1972 paua 001 0 eng
010 ## - LIBRARY OF CONGRESS CONTROL NUMBER
LC control number 77177299
020 ## - INTERNATIONAL STANDARD BOOK NUMBER
International Standard Book Number 0700222960
040 ## - CATALOGING SOURCE
Original cataloging agency DLC
Transcribing agency DLC
Modifying agency ICU
-- DLC
041 ## - LANGUAGE CODE
Language code of text/sound track or separate title eng
080 ## - UNIVERSAL DECIMAL CLASSIFICATION NUMBER
Universal Decimal Classification number 621.381
082 00 - DEWEY DECIMAL CLASSIFICATION NUMBER
Classification number 621.381 LUE
100 1# - Rafti
Rafti 27
101 ## - Shkurtesa
Shkurtesa MEK
245 10 - TITLE STATEMENT
Title Basic electronics for engineers and scientists
Statement of responsibility, etc [by] Russell E. Lueg [and] Erwin A. Reinhard.
350 ## - PRICE (NR) (BK AM CF MU VM SE) [OBSOLETE]
Price $14.00
906 ## - LOCAL DATA ELEMENT F, LDF (RLIN)
a 7
b cbc
c orignew
d 2
e ncip
f 19
g y-gencatlg
942 ## - ADDED ENTRY ELEMENTS (KOHA)
Source of classification or shelving scheme
Item type Books
Holdings
Withdrawn status Lost status Source of classification or shelving scheme Damaged status Not for loan Collection code Permanent location Current location Shelving location Date acquired Total Checkouts Full call number Barcode Date last seen Price effective from Koha item type
          Koleksioni i përgjithshem UBT - Lipjan UBT - Lipjan Koleksioni i përgjithshem 03/02/2018   621.381 LUE 002-3000770 03/02/2018 03/02/2018 Books
UBT Library © 2015-2024. All rights reserved University Education for Business and Technology